Statistics for State Capitals by Picture

Click here to take the quiz!

General Stats

  • This quiz has been taken 15 times
  • The average score is 16 of 50

Answer Stats

Answer% Correct
Denver
100%
Phoenix
91%
Honolulu
82%
Nashville
82%
Carson City
73%
Juneau
73%
Salt Lake City
73%
Albany
64%
Olympia
55%
Boise
45%
Montpelier
45%
Santa Fe
45%
Atlanta
36%
Boston
36%
Madison
36%
Annapolis
27%
Baton Rouge
27%
Frankfort
27%
Helena
27%
Lansing
27%
Lincoln
27%
Saint Paul
27%
Augusta
18%
Austin
18%
Bismarck
18%
Charleston
18%
Columbia
18%
Des Moines
18%
Dover
18%
Harrisburg
18%
Hartford
18%
Indianapolis
18%
Jackson
18%
Jefferson City
18%
Little Rock
18%
Pierre
18%
Providence
18%
Richmond
18%
Sacramento
18%
Salem
18%
Springfield
18%
Topeka
18%
Trenton
18%
Cheyenne
9%
Columbus
9%
Concord
9%
Montgomery
9%
Oklahoma City
9%
Raleigh
9%
Tallahassee
9%

Score Distribution

Percentile by Number Answered

Percent of People with Each Score

Your Score History

You have not taken this quiz